| 000 | 00865nam a22002417a 4500 | ||
|---|---|---|---|
| 005 | 20100804114849.0 | ||
| 010 | _aENG-98039 | ||
| 020 |
_a9788120339378 _c225.00 |
||
| 035 | _aEN-81572 | ||
| 037 | _bDBAD/PUB | ||
| 082 | _a658.800285 | ||
| 100 |
_aRajaraman, V. _95818 |
||
| 245 |
_aEssentials of e-commerce technology / _cBy V. Rajaraman |
||
| 260 |
_aNew Delhi _bPHI Learning _c2009 |
||
| 270 |
_aM-97, Connaught Circus _bNew Delhi _e110001 |
||
| 300 |
_axiii,246p.: _bill. _c24cm (pbk) |
||
| 500 | _aIncludes references and index | ||
| 650 |
_aElectronic Commerce _95819 |
||
| 650 |
_aInternet Advertising _95820 |
||
| 650 |
_aInternet Marketing _95821 |
||
| 942 |
_2ddc _cEN _h658.800285 _mRAJ |
||
| 999 |
_c39148 _d39148 |
||